| 000 | 01590nam a22002417a 4500 | ||
|---|---|---|---|
| 999 |
_c23226 _d23226 |
||
| 003 | NUST | ||
| 005 | 20170606110344.0 | ||
| 008 | 170531b xxu||||| |||| 00| 0 eng d | ||
| 020 | _a047105481X | ||
| 040 |
_aDLC _bDLC _cRCMS |
||
| 082 | _a536.23 OZI | ||
| 100 |
_aM. NECATI OZISIK _91690 |
||
| 245 | _aHEAT CONDUCTION | ||
| 260 |
_aUSA _bJOHN WILEY & SONS _c1c980 |
||
| 300 |
_axv,687,p: _bill: _c22,cm. |
||
| 538 | _iShelf # 10, Row # 3, Mechanical & Aerospace. | ||
| 650 |
_aHeat ---- Conduction _91691 |
||
| 856 | _3Table of Content Only | ||
| 942 |
_cBK _2ddc |
||